000 00335 a2200109 4500
001 ART_19021
005 20260410161704.0
008 260409a
245 1 0 _aDeducción en ganancias de operaciones con monotributistas
100 1 _aColaneri, Horacio A.
773 0 _tRevista Impuestos
_g- Nº 15 (ago. 2009)
_wREV639
999 _c15475
_d15475